| 000 | 00980ngm a22003610a 4500 | ||
|---|---|---|---|
| 001 | PT19340 | ||
| 003 | AR-LpoUNG | ||
| 005 | 20210202000304.0 | ||
| 007 | vd cvaizq | ||
| 008 | 191001s1994||||ag |||||||||||||||||spa d | ||
| 037 | _c$16.63 | ||
| 040 |
_aAR-LpoUNG _bspa _cAR-LpoUNG _eaacr |
||
| 041 | _aspa | ||
| 044 | _aag | ||
| 082 | 0 | _a982.064 615mon | |
| 100 | 1 |
_aDi Tella, Andrés _edir. |
|
| 245 | 1 | 0 |
_aMontoneros : _buna historia |
| 260 |
_aBuenos Aires : _bOrson, _c1994. |
||
| 300 | _aVHS (90 min.) : son., byn, col. | ||
| 505 | 0 | _aGuión: Roberto Barandalla ; fotografía: Fabián Hofman. | |
| 520 | _aRepasa toda la historia de la organización. | ||
| 650 | 4 | _aARGENTINA | |
| 650 | 4 | _aASPECTOS SOCIALES | |
| 650 | 4 | _aGUERRILEROS | |
| 650 | 4 | _aHISTORIA | |
| 650 | 4 | _aMOVIMIENTOS DE LIBERACION NACIONAL | |
| 650 | 4 | _aMOVIMIENTOS SOCIALES | |
| 651 | 4 | _aArgentina | |
| 653 | _aDOCUMENTALES | ||
| 653 | _aVIDEOS | ||
| 905 | _a19340 | ||
| 942 | _cVIDEO | ||
| 999 |
_c54535 _d54535 |
||